Balatro - All Consumable Cards - Statistics

General Stats
  • This quiz has been taken 831 times
  • The average score is 36 of 52
Answer Stats
Hint Answer % Correct
Planet Level up Full House (+3 Mult and +25 chips) Earth
93%
Planet Level up Flush (+2 Mult and +15 chips) Jupiter
93%
Tarot Creates the last Tarot or Planet card used during this run The Fool
93%
Planet Level up Four of a Kind (+3 Mult and +30 chips) Mars
92%
Planet Level up High Card (+1 Mult and +10 chips) Pluto
92%
Tarot Select 2 cards, convert the left card into the right card Death
91%
Planet Level up Straight (+3 Mult and +30 chips) Saturn
91%
Planet Level up Two Pair (+1 Mult and +20 chips) Uranus
91%
Planet Level up Three of a Kind (+2 Mult and +20 chips) Venus
91%
Planet Level up Pair (+1 Mult and +15 chips) Mercury
89%
Planet Level up Straight Flush (+4 Mult and +40 chips) Neptune
89%
Tarot Destroys up to 2 selected cards The Hanged Man
85%
Tarot Converts up to 3 selected cards to Hearts The Sun
85%
Tarot Converts up to 3 selected cards to Clubs The Moon
84%
Tarot 1 in 4 chance to add Foil, Holographic, or Polychrome edition to a random Joker The Wheel of Fortune
83%
Tarot Creates up to 2 random Tarot cards The Emperor
82%
Tarot Doubles money The Hermit
82%
Planet Level up Five of a Kind (+3 Mult and +35 chips) Planet X
81%
Spectral Upgrade every poker hand by 1 level Black Hole
79%
Tarot Increases rank of up to 2 selected cards by 1 Strength
79%
Tarot Enhances 2 selected cards to Lucky Cards The Magician
78%
Tarot Gives the total sell value of all current Jokers Temperance
76%
Tarot Enhances 1 selected card into a Wild Card The Lovers
75%
Tarot Enhances 1 selected card into a Gold Card The Devil
74%
Tarot Converts up to 3 selected cards to Diamonds The Star
74%
Tarot Enhances 2 selected cards to Mult Cards The Empress
73%
Tarot Enhances 1 selected card into a Stone Card The Tower
73%
Spectral Creates a Legendary Joker Soul
72%
Planet Level up Flush Five (+3 Mult and +50 chips) Eris
71%
Tarot Enhances 1 selected card into a Steel Card The Chariot
71%
Tarot Converts up to 3 selected cards to Spades The World
69%
Tarot Creates a random Joker card Judgement
68%
Planet Level up Flush House (+4 Mult and +40 chips) Ceres
67%
Tarot Creates up to 2 random Planet cards The High Priestess
67%
Tarot Enhances 2 selected cards to Bonus Cards The Hierophant
65%
Spectral Create 2 copies of 1 selected card in your hand Cryptid
63%
Tarot Enhances 1 selected card into a Glass Card Justice
62%
Spectral Add Polychrome to a random Joker, destroy all other Jokers Hex
59%
Spectral Create a copy of a random Joker, destroy all other Jokers Ankh
56%
Spectral Destroys 5 random cards in hand, gain $20 Immolate
56%
Spectral Creates a random Rare Joker, sets money to $0 Wraith
56%
Spectral Add Negative to a random joker, -1 hand size Ectoplasm
55%
Spectral Add a Red Seal to 1 selected card in your hand Deja Vu
52%
Spectral Add Foil, Holographic, or Polychrome effect to 1 selected card in hand Aura
47%
Spectral Converts all cards in hand to a single random rank, -1 hand size Ouija
45%
Spectral Destroy 1 random card in your hand, add 3 random Enhanced face cards to your hand Familiar
40%
Spectral Converts all cards in hand to a single random suit Sigil
39%
Spectral Add a gold seal to 1 selected card in your hand Talisman
34%
Spectral Destroy 1 random card in your hand, add 4 random Enhanced numbered cards to your hand Incantation
32%
Spectral Add a Blue Seal to 1 selected card in your hand Trance
31%
Spectral Destroy 1 random card in your hand, add 2 random Enhanced Aces to your hand Grim
30%
Spectral Add a Purple Seal to 1 selected card in your hand Medium
29%
No matching quizzes found
Score Distribution
Percent of People with Each Score
Percentile by Number Answered
Your Score History
You have not taken this quiz